Responses for Show #6722 - Tuesday, December 3, 2013

Alex announces Andy Westney (1980s), Shane Whitlock (1990s), and Tom Nissley (2000s) as the winners of the Battle of the Decades Fan Favorite online polls.

Contestants

[<< previous game]

Tina Nguyen, a food media writer from New York, New York

Carlos Ross, a customer service representative from Austin, Texas

Scott Claremon, a tax attorney from Sacramento, California (whose 1-day cash winnings total $7,899)

[next game >>]

Jeopardy! Round responses

LITERARY TITLE COLORS
ALSO A BOWLING TERM
HOLY DAYS & OBSERVANCES
HOOK
LINE
STINKER
    $200 1
Green

Tina
    $200 16
a spare

Carlos
    $200 6
Lent

Tina
    $200 11
(Carlos: What is a pulley?)

a fire truck

CarlosTina
    $200 21
(Tina: What is Gone with the Wind?)

A Streetcar Named Desire

ScottTina
    $200 26
a skunk

Scott
    $400 2
Red

Tina
    $400 17
split

Carlos
    $400 9
Ramadan

Scott
    $400 12
(Tina: What are caltrops?)

a grappling hook

ScottTina
    $400 22
Norman Bates

Scott
    $400 27
a mosquito

Tina
    $600 3
Black

Carlos
    $600 18
a gutter

Carlos
    $600 8
Herod

Carlos
    $600 13
off the hook

Scott
    $600 23
Dirty Harry

Carlos
    $600 28
the Amazon

Carlos
    $800 4
White

Carlos
    $800 19
(Carlos: What is a [sighs]--what is a--aisle?)

an alley

ScottCarlos
    $800 7
Yom Kippur

Carlos
    $1,200 14
a gaff

Scott
    $800 24
The Shawshank Redemption

Scott
    $800 29
wet dog

Carlos
    $1000 5
Golden

Scott
    $1000 20
a turkey

Tina
    $1000 10
Diwali

Tina
    $1000 15
Hook 'em Horns

Scott
    $1000 25
[Alex reads the clue in a Transylvanian accent.]

Dracula

Tina
    $1000 30
(Tina: What is a flower?)

fungi (a mushroom accepted)

CarlosTina

Scores at the first commercial break (after clue 15):

Scott Carlos Tina
$4,600 $2,600 $1,600

Scores at the end of the Jeopardy! Round:

Scott Carlos Tina
$7,000 $6,000 $2,800

Double Jeopardy! Round responses

THE 5 W's
AFRICAN LEADERS
STARTS & ENDS WITH A VOWEL
WHAT'S ON TV?
STATE SHAPES
-OLOGIES
    $400 29
why is the sky blue

Tina
    $400 6
Rastafarianism

Scott
    $400 30
an aroma

Carlos
    $400 27
The Blacklist

Carlos
    $400 19
Mason & Dixon

Tina
    $400 28
archaeology

Carlos
    $800 23
Toronto

Scott
    $800 7
Kenyatta

Tina
    $800 15
(Carlos: [Sighs, shakes head])

an earlobe

CarlosTina
    $800 1
Jeff Daniels

Scott
    $800 14
(Tina: What's the U.S. Geological Survey?)

the Erie Canal

Tina
Triple Stumper
    $800 5
(Scott: What is the universe?)
(Alex: The universe? Be a little more specific.)
(Scott: What is [*]?)

outer space

Scott
    $1200 24
2003

Tina
    $1200 10
Liberia

Carlos
    $1200 16
ouzo

Carlos
    $1200 2
Doctor Who

Scott
    $1200 20
slavery

Scott
    $3,000 8
theology

Tina
    $1600 25
(Jon) Huntsman

Scott
    $1600 11
Goodluck

Carlos
    $9,200 17
[Carlos says the response dramatically.]
(Alex: [*], and you even gave it a great reading.)

the Illuminati

Carlos
    $1600 3
House Hunters

Tina
    $1600 21
Spain

Tina
    $1600 9
(Tina: What is geology?)

gemology

ScottTina
    $2000 26
trattoria

Tina
    $2000 12
Somalia

Scott
    $2000 18
ossobuco

Carlos
    $2000 4
Archer

Tina
    $2000 22
(Carlos: What is 1862?)

1863

Carlos
Triple Stumper
    $2000 13
psychology

Tina

Scores at the end of the Double Jeopardy! Round:

Scott Carlos Tina
$17,400 $19,600 $16,200

[wagering suggestions for these scores]

Final Jeopardy! Round responses

THE INTERNET
TinaWhat is a .Gif?
$3,500
ScottWhat is a gif
$15,001
CarlosWhat is GIF?
$15,201
gif

Final scores:

Scott Carlos Tina
$32,401 $34,801 $19,700
2nd place: $2,000 New champion: $34,801 3rd place: $1,000

Game dynamics:

Coryat scores:

Scott Carlos Tina
$17,000 $12,000 $14,400
20 R
(including 1 DD),
0 W
19 R
(including 1 DD),
4 W
19 R
(including 1 DD),
5 W

Combined Coryat: $43,400

[game clues] [game scores] [suggest correction]

Game tape date: 2013-09-25
The J! Archive is created by fans, for fans. Scraping, republication, monetization, and malicious use prohibited; this site may use cookies and collect identifying information. See terms. The Jeopardy! game show and all elements thereof, including but not limited to copyright and trademark thereto, are the property of Jeopardy Productions, Inc. and are protected under law. This website is not affiliated with, sponsored by, or operated by Jeopardy Productions, Inc. Join the discussion at JBoard.tv.